| 000 | 00429nam a22001217a 4500 | ||
|---|---|---|---|
| 999 |
_c9882 _d9882 |
||
| 003 | OSt | ||
| 008 | 201203b ||||| |||| 00| 0 eng d | ||
| 245 | _aThe IUP Journal of Bank Management | ||
| 250 | _a2018(Jun Vol.15 No.2, Sep Vol.15 No.3, Dec Vol.15 No.4) 2019(Mar Vol.16 No.1, Jun Vol.16 No.2, Sep Vol.16 No.3, Dec Vol.16 No.4) | ||
| 260 |
_bIUP Publications _aHyderabad, Andhra Pradesh |
||
| 650 | _aManagement | ||
| 942 |
_2ddc _cBV |
||